| 000 | 00960cam a2200229 4500 | ||
|---|---|---|---|
| 001 | WB3937-18 | ||
| 008 | 031002n2003 000 0 eng u | ||
| 035 | _a(Sirsi) u123817 | ||
| 245 | _aTenants to be protected | ||
| 260 | _c2003 | ||
| 490 |
_aScottish Executive News Release _v(SEc322/2003) 1 October 2003 (2) |
||
| 520 | _aThe licensing scheme for Houses in Multiple Occupation has been amended so that all properties occupied by three or more people, who are members of more than two families, must be licensed. This will make it easier for local authorities to tackle rogue landlords. http://www.scotland.gov.uk/pages/news/2003/10/p_SEc322.aspx | ||
| 590 | _aWB | ||
| 650 | _aLANDLORDS | ||
| 650 | _aHOUSES IN MULTIPLE OCCUPATION | ||
| 650 | _aTENANTS | ||
| 650 | _aLICENSING OF HOUSES IN MULTIPLE OCCUPATION | ||
| 650 | _aSCOTLAND | ||
| 650 | _aCIVIC GOVERNMENT (SCOTLAND) ACT 1982 | ||
| 690 | _aPROPERTY-LANDLORD AND TENANT | ||
| 942 | _n0 | ||
| 999 |
_c73534 _d73534 |
||